01243 a2200205 45000010006000000050017000060080041000230030015000640400040000790800067001192450046001860200022002322500011002542640034002653000019002995050649003181000024009677000026009917000020010172220420260407155511.0260407a1997 arg spa dAR-UNSa-BCEJYS aAR-UNSa-BCEJYSbspacAR-UNSa-BCEJYS a658.16xReorganización financiera (Proyectos de inversión)10aPreparación y evaluación de proyectos a978-958-600-338-4 a3a. ed 1aBogotá :bMcGraw-Hillc1997 a404 p.c23 cm. a1. El estudio de los proyectos - 2. El proceso de preparación y evaluación - 3. Estructura económica del mercado - 4. El estudio de mercado - 5. Técnicas de proyección del mercado - 6. Estimación de costos - 7. Antecedentes económicos del estudio técnico - 8. La determinación del tamaño - 9. Decisiones de localización - 10. Efectos económicos de los aspectos organizacionales - 11. Antecedentes económicos del estudio legal - 12. Las inversiones del proyecto - 13. Beneficios del proyecto - 14. Flujo de caja proyectado - 15. Tasa de descuento - 16. Criterios de evaluación de proyectos - 17. Análisis de riesgo 1 aSapag Chain, Nassir1 aSapag Chain, Reinaldo1 aRuiz, Hector A.